| 000 | 00555nam a2200205 a 4500 | ||
|---|---|---|---|
| 001 | BRCA_5797 | ||
| 005 | 20190320205222.0 | ||
| 008 | 100311s1942----mx-######g---f000-0#spa-# | ||
| 041 | _aspa | ||
| 044 | _amx | ||
| 050 | 4 |
_aTS330 _b.C66 _c1942 |
|
| 245 | 1 | 0 |
_aCompañía de Acero y Maquinaria ´La Consolidada´. _bEscritura Constitutiva |
| 260 |
_aMéxico _c1942 |
||
| 300 |
_a34 p. _c34 cm. |
||
| 500 | _aEscritura Constitutiva. ´La Consolidada´ | ||
| 500 | _aH84 | ||
| 650 | 1 | 4 |
_aIndustria Acerera _zMéxico _914696 |
| 902 | _aGFM | ||
| 942 |
_2lcc _cB |
||
| 999 |
_c5486 _d5486 |
||